|
|
|
|
| LEADER |
01108nam a2200265 a 4500 |
| 001 |
GR-Antirio858 |
| 008 |
090601s2005 ne b 001 0 gre d |
| 020 |
|
|
|a 1555583180
|
| 040 |
|
|
|a GrPaTEI
|b gre
|c GR-PaULI
|
| 040 |
|
|
|a GrPaTEI
|b gre
|c GR-PaULI
|
| 040 |
|
|
|a GrPaTEI
|b gre
|c GR-PaULI
|
| 082 |
|
0 |
|a 004.62
|2 22
|
| 100 |
0 |
|
|a Hagino, Jun-ichiro itojun
|
| 245 |
1 |
0 |
|a IPv6 network programming /
|c Hagino, Jun-ichiro itojun.
|
| 260 |
|
|
|a Amsterdam , Boston :
|b Elsevier / Digital Press,
|c c 2005
|
| 300 |
|
|
|a xi. , 361 σ.
|a εικ. ;
|c 24 εκ.
|
| 504 |
|
|
|a Περιλαμβάνει βιβλιογραφίες και ευρετήριο.
|
| 650 |
|
0 |
|a Computer networks
|x Management
|
| 650 |
|
0 |
|a Internet programming
|
| 650 |
|
0 |
|a TCP / IP (Computer network protocol)
|
| 653 |
|
|
|a APPLICATION SOFTWARE--DEVELOPMENT
|
| 942 |
|
|
|2 ddc
|
| 952 |
|
|
|0 0
|1 0
|2 ddc
|4 0
|6 004_620000000000000_HAG
|7 0
|9 262344
|a LISK-2
|b LISK-2
|c BSC
|d 2021-01-17
|e 24
|f 0
|g 0.00
|l 0
|o 004.62 HAG
|p 2430000007375
|r 2021-01-17 00:00:00
|t 1
|w 2021-01-17
|y BK15
|x 20090601 0 1
|x GrPaTEI - Antirrio
|
| 971 |
|
|
|a .b25706573
|b 01-10-20
|c 12-09-16
|
| 999 |
|
|
|c 151284
|d 151284
|